000 00476cam a22001571 4500
005 20250901165333.0
008 730418s1966 nyua 000 0 eng
010 _a 66021054
050 0 0 _aHF5549.5.E5 G4
_bG4
082 _a658.31
100 1 _aGhiselli, Edwin E.
_q(Edwin Ernest),
_d1907-1980.
245 1 4 _aThe validity of occupational aptitude tests
_c[by] Edwin E. Ghiselli.
260 _aNew York,
_bWiley
_c[1966]
300 _avii, 155 p.
_billus.
_c22 cm.
942 _2ddc
999 _c2373
_d2373